[Event "Mittelfranken-chTB1 1819"]
[Site "Mittelfranken"]
[Date "2018.12.02"]
[Round "3.3"]
[White "Heimrath, Wolfgang"]
[Black "Gebhard, Thomas"]
[Result "1-0"]
[WhiteElo "2095"]
[BlackElo "1931"]
[PlyCount "83"]
[EventDate "2018.10.14"]
[EventType "team-tourn"]
[EventRounds "9"]
[EventCountry "GER"]
[SourceTitle "EXT 2022"]
[Source "ChessBase"]
[SourceDate "2021.10.06"]
[SourceVersion "1"]
[SourceVersionDate "2021.10.06"]
[SourceQuality "1"]
[WhiteTeam "Fuerth SG"]
[BlackTeam "Nuernberg SK 1911"]
[WhiteTeamCountry "GER"]
[BlackTeamCountry "GER"]

1. e4 g6 2. d4 Nf6 3. Bd3 d5 4. e5 Nh5 5. Na3 a6 6. c3 Ng7 7. Nc2 h5 8. Ne3 c6 9. Ne2 Bf5 10. Bxf5 gxf5 11. Qc2 e6 12. h4 c5 13. g3 Nc6 14. a3 Rc8 15. Qd1 c4 16. b3 Na5 17. bxc4 Nxc4 18. Qb3 Qd7 19. a4 Be7 20. Rb1 Nxe3 21. Bxe3 Rc7 22. 0-0 Qc6 23. Rfc1 Kd7 24. Kg2 Kc8 25. Ng1 Ne8 26. Nf3 Rg8 27. Ng5 f6 28. exf6 Nxf6 29. Bf4 Bd6 30. Nxe6 Bxf4 31. Nxf4 Qd6 32. Kf1 Rg4 33. Qb4 Qxb4 34. cxb4 Rc4 35. Rxc4+ dxc4 36. b5 Ne4 37. Kg2 Nd6 38. bxa6 bxa6 39. f3 Rg7 40. Nxh5 Rc7 41. Nf4 c3 42. Nd5 1-0

[Event "Mittelfranken-chTB1 1617"]
[Site "Mittelfranken"]
[Date "2017.02.12"]
[Round "6.4"]
[White "Gebhard, Thomas"]
[Black "Brenner, Christian"]
[Result "1/2-1/2"]
[WhiteElo "1926"]
[BlackElo "1929"]
[PlyCount "35"]
[EventDate "2016.10.23"]
[EventType "team-tourn"]
[EventRounds "9"]
[EventCountry "GER"]
[SourceTitle "EXT 2022"]
[Source "ChessBase"]
[SourceDate "2021.10.06"]
[SourceVersion "1"]
[SourceVersionDate "2021.10.06"]
[SourceQuality "1"]
[WhiteTeam "Nuernberg SK 1911"]
[BlackTeam "Nuernberg Zabo Eintracht"]
[WhiteTeamCountry "GER"]
[BlackTeamCountry "GER"]

1. e4 c5 2. Nc3 Nc6 3. f4 g6 4. Nf3 Bg7 5. g3 d6 6. Bg2 e6 7. d3 Nge7 8. Be3 a6 9. Qd2 Rb8 10. 0-0 0-0 11. e5 Nd5 12. Bf2 b6 13. exd6 Qxd6 14. Rab1 Bb7 15. Nxd5 exd5 16. d4 Rfe8 17. Rfe1 Rbd8 18. Rbd1 1/2-1/2

[Event "Mittelfranken-chTB1 1415"]
[Site "Mittelfranken"]
[Date "2015.01.25"]
[Round "5.5"]
[White "Mueller, Stefan"]
[Black "Gebhard, Thomas"]
[Result "0-1"]
[WhiteElo "1847"]
[BlackElo "1924"]
[PlyCount "88"]
[EventDate "2014.09.29"]
[EventType "team-tourn"]
[EventRounds "9"]
[EventCountry "GER"]
[SourceTitle "EXT 2020"]
[Source "ChessBase"]
[SourceDate "2019.10.17"]
[SourceVersion "1"]
[SourceVersionDate "2019.10.17"]
[SourceQuality "1"]
[WhiteTeam "Siemens Erlangen"]
[BlackTeam "Nuernberg Zabo"]
[WhiteTeamCountry "GER"]
[BlackTeamCountry "GER"]

1. e4 g6 2. d4 c6 3. f4 d5 4. e5 h5 5. Bd3 Nh6 6. Nf3 Bg4 7. h3 Bxf3 8. Qxf3 Nf5 9. c3 h4 10. Be3 e6 11. Bf2 Qb6 12. b3 c5 13. dxc5 Bxc5 14. Bxc5 Qxc5 15. Bxf5 gxf5 16. Qf2 Nd7 17. 0-0 Rc8 18. Qxc5 Rxc5 19. Rf3 f6 20. exf6 Nxf6 21. Nd2 Ne4 22. Nxe4 dxe4 23. Re3 Rd5 24. Rae1 Ke7 25. c4 Rd2 26. R1e2 Rhd8 27. Kf2 e5 28. fxe5 Ke6 29. g4 hxg3+ 30. Rxg3 Kxe5 31. Rg7 R8d7 32. Rg8 Kf4 33. Re8 Rxe2+ 34. Kxe2 Rh7 35. Rb8 Rxh3 36. Rxb7 Rh2+ 37. Kd1 e3 38. Re7 Kf3 39. c5 Rh1+ 40. Kc2 e2 41. b4 e1Q 42. Rxe1 Rxe1 43. c6 Re8 44. b5 Ke4 0-1

[Event "Mittelfranken-chTB1 1415"]
[Site "Mittelfranken"]
[Date "2014.11.16"]
[Round "3.5"]
[White "Gebhard, Thomas"]
[Black "Pasedag, Peter"]
[Result "1/2-1/2"]
[WhiteElo "1924"]
[BlackElo "2078"]
[PlyCount "75"]
[EventDate "2014.09.29"]
[EventType "team-tourn"]
[EventRounds "9"]
[EventCountry "GER"]
[SourceTitle "EXT 2020"]
[Source "ChessBase"]
[SourceDate "2019.10.17"]
[SourceVersion "1"]
[SourceVersionDate "2019.10.17"]
[SourceQuality "1"]
[WhiteTeam "Nuernberg Zabo"]
[BlackTeam "Fuerth SF"]
[WhiteTeamCountry "GER"]
[BlackTeamCountry "GER"]

1. e4 c6 2. Nc3 d5 3. Nf3 Bg4 4. exd5 cxd5 5. h3 Bxf3 6. Qxf3 Nf6 7. Bb5+ Nc6 8. 0-0 e6 9. Bxc6+ bxc6 10. b3 Be7 11. Bb2 0-0 12. d3 Nd7 13. Ne2 Bf6 14. Bxf6 Nxf6 15. c4 a5 16. Nc3 Qd6 17. Rac1 Rab8 18. Rc2 d4 19. Na4 c5 20. Qe2 Rfe8 21. Qe1 Qc7 22. f4 Re7 23. Re2 Rbe8 24. Qf2 Nd7 25. Rfe1 Qc6 26. Qg3 f6 27. Kf2 e5 28. Qf3 Re6 29. f5 Rd6 30. Qxc6 Rxc6 31. g4 Kf7 32. Kf3 h6 33. Ke4 Ke7 34. Rg1 Kd6 35. h4 Re7 36. Reg2 Rc7 37. Rg3 Rb7 38. R3g2 1/2-1/2

[Event "Mittelfranken-chTB2a 1112"]
[Site "Germany"]
[Date "2012.02.05"]
[Round "6.4"]
[White "Gebhard, Thomas"]
[Black "Herlan, Klaus Juergen"]
[Result "1/2-1/2"]
[WhiteElo "1918"]
[BlackElo "1920"]
[PlyCount "45"]
[EventDate "2011.09.25"]
[EventType "team-tourn"]
[EventRounds "9"]
[EventCountry "GER"]
[SourceTitle "EXT 2013"]
[Source "ChessBase"]
[SourceDate "2012.11.22"]
[SourceVersion "1"]
[SourceVersionDate "2012.11.22"]
[SourceQuality "1"]
[WhiteTeam "Nuernberg Zabo"]
[BlackTeam "Nuernberg NT V"]
[WhiteTeamCountry "GER"]
[BlackTeamCountry "GER"]

1. e4 d5 2. Nc3 d4 3. Nce2 e5 4. Ng3 Be6 5. Nf3 Nd7 6. Bb5 c6 7. Ba4 g6 8. Bb3 Bxb3 9. axb3 Bg7 10. d3 Ne7 11. h4 Nc5 12. h5 Qd6 13. hxg6 hxg6 14. Rxh8+ Bxh8 15. Bd2 Ne6 16. Ng5 Nxg5 17. Bxg5 f6 18. Bd2 Qe6 19. f4 Kd7 20. Qe2 Bg7 21. fxe5 fxe5 22. Bg5 a6 23. 0-0-0 1/2-1/2

[Event "Mittelfranken-chTB2b 0809"]
[Site "Mittelfranken"]
[Date "2009.03.22"]
[Round "8.3"]
[White "Gebhard, Thomas"]
[Black "Muenster, Manfred"]
[Result "1/2-1/2"]
[WhiteElo "1910"]
[BlackElo "1936"]
[PlyCount "54"]
[EventDate "2008.10.12"]
[EventType "team"]
[EventRounds "9"]
[EventCountry "GER"]
[SourceTitle "EXT 2011"]
[Source "ChessBase"]
[SourceDate "2010.11.26"]
[SourceVersion "1"]
[SourceVersionDate "2010.11.26"]
[SourceQuality "1"]
[WhiteTeam "Nuernberg Zabo"]
[BlackTeam "Heilsbronn"]
[WhiteTeamCountry "GER"]
[BlackTeamCountry "GER"]

1. e4 g6 2. Nc3 Bg7 3. Bc4 Nc6 4. f4 d6 5. Nf3 Na5 6. Be2 c5 7. 0-0 Bd7 8. Kh1 a6 9. d3 Nc6 10. e5 dxe5 11. Nxe5 Nxe5 12. fxe5 Bxe5 13. Bf3 Rb8 14. Bd5 Nf6 15. Qf3 0-0 16. Bxb7 Qc7 17. Bxa6 Bc6 18. Qh3 Bd7 19. Qh4 Nh5 20. Bc4 Kg7 21. Qxe7 Bxh2 22. Rxf7+ Rxf7 23. Qxf7+ Kh8 24. Ne4 Re8 25. Bg5 Be5 26. Bf6+ Bxf6 27. Nxf6 Ng3+ 1/2-1/2

[Event "Mittelfranken-chTB2b 0809"]
[Site "Mittelfranken"]
[Date "2009.03.08"]
[Round "7.3"]
[White "Classen, Andrej"]
[Black "Gebhard, Thomas"]
[Result "1/2-1/2"]
[WhiteElo "1745"]
[BlackElo "1910"]
[PlyCount "93"]
[EventDate "2008.10.12"]
[EventType "team"]
[EventRounds "9"]
[EventCountry "GER"]
[SourceTitle "EXT 2011"]
[Source "ChessBase"]
[SourceDate "2010.11.26"]
[SourceVersion "1"]
[SourceVersionDate "2010.11.26"]
[SourceQuality "1"]
[WhiteTeam "Buechenbach/Roth II"]
[BlackTeam "Nuernberg Zabo"]
[WhiteTeamCountry "GER"]
[BlackTeamCountry "GER"]

1. e4 g6 2. d4 c6 3. Nc3 d5 4. Nf3 Bg7 5. Be2 Bg4 6. exd5 cxd5 7. h3 Be6 8. 0-0 Nf6 9. Re1 0-0 10. Be3 Nc6 11. Na4 b6 12. Bb5 Qc8 13. Bxc6 Qxc6 14. Nc3 Rac8 15. Ne5 Qb7 16. Ne2 Bf5 17. c3 Ne4 18. f3 Nd6 19. Ng3 Be6 20. Bc1 Rfe8 21. Qe2 Bd7 22. Nxd7 Qxd7 23. f4 e6 24. Rb1 Qb5 25. Qxb5 Nxb5 26. Bd2 Nd6 27. Rbd1 Rc6 28. Re2 Rec8 29. Rde1 b5 30. a3 a5 31. b4 axb4 32. axb4 Ra6 33. Rd1 Rca8 34. Ree1 Ra2 35. Bc1 Rc2 36. Ne2 Raa2 37. Kf1 Ne4 38. Rd3 Bf6 39. g3 h5 40. h4 Ra1 41. Red1 Rb1 42. Re3 Rb3 43. Rdd3 Be7 44. Ke1 Ra2 45. Kf1 Rb1 46. Rd1 Rc2 47. Kg1 1/2-1/2

[Event "Mittelfranken-chTB2b 0809"]
[Site "Mittelfranken"]
[Date "2008.10.26"]
[Round "2.3"]
[White "Cipra, Lothar"]
[Black "Gebhard, Thomas"]
[Result "0-1"]
[WhiteElo "1916"]
[BlackElo "1910"]
[PlyCount "174"]
[EventDate "2008.10.12"]
[EventType "team"]
[EventRounds "9"]
[EventCountry "GER"]
[SourceTitle "EXT 2011"]
[Source "ChessBase"]
[SourceDate "2010.11.26"]
[SourceVersion "1"]
[SourceVersionDate "2010.11.26"]
[SourceQuality "1"]
[WhiteTeam "Schwanstetten"]
[BlackTeam "Nuernberg Zabo"]
[WhiteTeamCountry "GER"]
[BlackTeamCountry "GER"]

1. d4 c5 2. d5 e5 3. e4 d6 4. c4 g6 5. Nc3 Bg7 6. Bd3 Ne7 7. g4 a6 8. Be3 Nd7 9. f3 f5 10. gxf5 gxf5 11. Qd2 f4 12. Bf2 Nf6 13. h4 Nh5 14. Nge2 Ng6 15. 0-0-0 Bf6 16. Rdg1 Bd7 17. Qe1 Rb8 18. Rg2 Kf7 19. Ng1 b5 20. Nh3 h6 21. Ng1 Qb6 22. Qd2 Rhg8 23. Kb1 Rg7 24. Nh3 b4 25. Nd1 Rh8 26. Ng1 Qd8 27. Qe1 Rhg8 28. Ne2 Nf8 29. Rgg1 Rxg1 30. Rxg1 Rxg1 31. Nxg1 Ng6 32. Bf1 Bxh4 33. Qd2 Bxf2 34. Nxf2 Qh4 35. Bh3 Bxh3 36. Ngxh3 Qg3 37. Qd1 Qg2 38. Qh1 Qxh1+ 39. Nxh1 Nh4 40. Ng1 Nf6 41. Kc2 Nh7 42. Kd2 Ng5 43. Ke2 Ng2 44. Nf2 Ne3 45. Nd3 Nxc4 46. Kf2 a5 47. Ne2 a4 48. Nec1 a3 49. bxa3 Nxa3 50. Nb2 Ke7 51. Nb3 h5 52. Na5 h4 53. Nd3 h3 54. Ne1 Nb5 55. Nc4 Nc3 56. a3 bxa3 57. Nxa3 Nd1+ 58. Kg1 Ne3 59. Nb5 Ng2 60. Nxg2 Nxf3+ 61. Kh1 hxg2+ 62. Kxg2 Ng5 63. Nc3 Kd7 64. Kf2 c4 65. Ke2 Kc8 66. Na4 Nxe4 67. Nb6+ Kc7 68. Nxc4 Nc3+ 69. Kf3 Nxd5 70. Ke4 Ne7 71. Nd2 Kc6 72. Nf3 Kc5 73. Ng5 Ng6 74. Nh3 Kc4 75. Nf2 d5+ 76. Kf5 Kd4 77. Kxg6 e4 78. Kf5 e3 79. Ng4 e2 80. Nh2 Ke3 81. Ng4+ Kf3 82. Ne5+ Kg2 83. Nd3 f3 84. Ne1+ Kg3 85. Ke5 f2 86. Nd3 e1Q+ 87. Kxd5 Qd2 0-1

[Event "Mittelfranken-chTB2b 0809"]
[Site "Mittelfranken"]
[Date "2008.10.12"]
[Round "1.3"]
[White "Gebhard, Thomas"]
[Black "Bildt, Maximilian"]
[Result "1/2-1/2"]
[WhiteElo "1910"]
[BlackElo "1802"]
[PlyCount "94"]
[EventDate "2008.10.12"]
[EventType "team"]
[EventRounds "9"]
[EventCountry "GER"]
[SourceTitle "EXT 2011"]
[Source "ChessBase"]
[SourceDate "2010.11.26"]
[SourceVersion "1"]
[SourceVersionDate "2010.11.26"]
[SourceQuality "1"]
[WhiteTeam "Nuernberg Zabo"]
[BlackTeam "Muehlhof/Schwabach"]
[WhiteTeamCountry "GER"]
[BlackTeamCountry "GER"]

1. e4 c5 2. Nc3 e6 3. g3 a6 4. Bg2 b5 5. Qe2 Bb7 6. f4 Qc7 7. Nf3 Nf6 8. d3 b4 9. Nd1 Nc6 10. c3 Be7 11. 0-0 d5 12. e5 Nd7 13. c4 Nb6 14. Be3 g5 15. fxg5 Nxe5 16. Bf4 Nxf3+ 17. Bxf3 Bd6 18. Bh5 0-0 19. Ne3 Bxf4 20. Rxf4 Qe5 21. Raf1 d4 22. Nf5 Qxe2 23. Nh6+ Kh8 24. Bxe2 f5 25. gxf6 Nd7 26. Bh5 Ne5 27. Be2 Nd7 28. h4 e5 29. Rf5 e4 30. g4 Rae8 31. f7 Re6 32. g5 exd3 33. Bxd3 Re3 34. Bb1 Rg3+ 35. Kh2 Rg2+ 36. Kh3 Rxb2 37. Re1 Kg7 38. Rf4 Bc8 39. Kg3 Nb6 40. h5 Nxc4 41. Nf5+ Bxf5 42. Bxf5 Ne3 43. Be4 Rxf7 44. h6+ Kg8 45. Bd5 Rg2+ 46. Kh3 Rxg5 47. Bxf7+ Kf8 1/2-1/2

[Event "Mittelfranken-ch QT 53rd"]
[Site "Lauf"]
[Date "2004.04.10"]
[Round "7"]
[White "Thuerauf, Peter"]
[Black "Gebhard, Thomas"]
[Result "1/2-1/2"]
[WhiteElo "1790"]
[BlackElo "1869"]
[PlyCount "22"]
[EventDate "2004.04.07"]
[EventType "swiss"]
[EventRounds "7"]
[EventCountry "GER"]
[SourceTitle "EXT 2015"]
[Source "ChessBase"]
[SourceDate "2014.11.20"]
[SourceVersion "1"]
[SourceVersionDate "2014.11.20"]
[SourceQuality "1"]

1. d4 e6 2. c4 f5 3. g3 Nf6 4. Bg2 d5 5. Nf3 c6 6. 0-0 Bd6 7. b3 Qe7 8. Bb2 0-0 9. Nc3 Nbd7 10. Ne1 Ne4 11. Nd3 Nxc3 1/2-1/2

[Event "Mittelfranken-ch QT 51st"]
[Site "Zirndorf"]
[Date "2002.??.??"]
[Round "3"]
[White "Gebhard, Thomas"]
[Black "Goetz, Dieter"]
[Result "1/2-1/2"]
[WhiteElo "1915"]
[BlackElo "1919"]
[PlyCount "21"]
[EventDate "2002.03.27"]
[EventType "swiss"]
[EventRounds "7"]
[EventCountry "GER"]
[SourceTitle "EXT 2015"]
[Source "ChessBase"]
[SourceDate "2014.11.20"]
[SourceVersion "1"]
[SourceVersionDate "2014.11.20"]
[SourceQuality "1"]

1. Nf3 g6 2. d4 Bg7 3. Bf4 d6 4. c3 Nf6 5. h3 b6 6. e3 Bb7 7. Be2 0-0 8. 0-0 Nbd7 9. Nbd2 Nd5 10. Bh2 e5 11. Qb3 1/2-1/2

[Event "Mittelfranken-ch QT 51st"]
[Site "Zirndorf"]
[Date "2002.??.??"]
[Round "1"]
[White "Gebhard, Thomas"]
[Black "Schoenberger, Rudolf"]
[Result "1-0"]
[WhiteElo "1915"]
[BlackElo "1687"]
[PlyCount "113"]
[EventDate "2002.03.27"]
[EventType "swiss"]
[EventRounds "7"]
[EventCountry "GER"]
[SourceTitle "EXT 2015"]
[Source "ChessBase"]
[SourceDate "2014.11.20"]
[SourceVersion "1"]
[SourceVersionDate "2014.11.20"]
[SourceQuality "1"]

1. e4 c5 2. Nc3 Nc6 3. g3 Nf6 4. Bg2 e5 5. d3 Be7 6. Nge2 d6 7. 0-0 Be6 8. f4 Qb6 9. f5 Bd7 10. h3 Nd4 11. Kh2 Bc6 12. Rb1 g6 13. Nxd4 cxd4 14. Nd5 Nxd5 15. exd5 Bd7 16. f6 Bf8 17. g4 0-0-0 18. Bd2 Qa6 19. Qe2 Kb8 20. c4 dxc3 21. bxc3 Rc8 22. Rb2 Rc5 23. c4 Ka8 24. Rfb1 Rc7 25. Qe1 Bc8 26. Be3 Qa3 27. Rb3 Qa4 28. Rb5 b6 29. R5b4 Qa3 30. Qd1 Bd7 31. Qd2 Qa5 32. Qb2 Rb7 33. a4 Rb8 34. Qf2 Rb7 35. Bd2 Qc5 36. Be3 Qa5 37. Qf3 Kb8 38. Qd1 Ka8 39. Bd2 Qa6 40. Qb3 Bc8 41. Ra1 h5 42. g5 Qa5 43. Qb2 Qc5 44. a5 bxa5 45. Rxb7 Bxb7 46. Rxa5 Qd4 47. Qxd4 exd4 48. h4 Bc8 49. Bh3 Bxh3 50. Kxh3 Kb7 51. Kg3 a6 52. Kf3 Kb6 53. Ke4 Kb7 54. Kxd4 Kb6 55. Ra1 Kb7 56. Kc3 Kb6 57. Kb4 1-0

[Event "Mittelfranken-ch QT 51st"]
[Site "Zirndorf"]
[Date "2002.??.??"]
[Round "2"]
[White "Weissmann, Peter"]
[Black "Gebhard, Thomas"]
[Result "0-1"]
[WhiteElo "1746"]
[BlackElo "1915"]
[PlyCount "94"]
[EventDate "2002.03.27"]
[EventType "swiss"]
[EventRounds "7"]
[EventCountry "GER"]
[SourceTitle "EXT 2015"]
[Source "ChessBase"]
[SourceDate "2014.11.20"]
[SourceVersion "1"]
[SourceVersionDate "2014.11.20"]
[SourceQuality "1"]

1. e4 c6 2. d4 d5 3. e5 Bf5 4. g4 Bd7 5. Be3 g6 6. Nc3 h5 7. g5 Bf5 8. Bd3 Bxd3 9. Qxd3 e6 10. a3 Ne7 11. h4 Nf5 12. Nge2 Qb6 13. 0-0-0 Qa6 14. Ng3 Qxd3 15. Rxd3 Na6 16. Nxf5 exf5 17. f4 Nc7 18. Ne2 Kd7 19. Bd2 b5 20. Bb4 Bxb4 21. axb4 a5 22. bxa5 Rxa5 23. Ra3 Rxa3 24. bxa3 Ra8 25. Kb2 Ne6 26. Rh3 Ra4 27. c3 Kc7 28. Rf3 Kb6 29. Nc1 c5 30. dxc5+ Nxc5 31. Nd3 Nxd3+ 32. Rxd3 Kc5 33. Rf3 Re4 34. Kb3 Re1 35. Rf2 Re3 36. Kc2 Kc4 37. Kd2 Rd3+ 38. Kc2 Rxc3+ 39. Kb2 d4 40. e6 fxe6 41. Re2 Rb3+ 42. Ka2 Re3 43. Rb2 d3 44. Rb4+ Kc5 45. Rb3 d2 46. Rxe3 d1Q 47. Re5+ Kc4 0-1

[Event "Pyramiden Franken Cup 3rd"]
[Site "Fuerth"]
[Date "2000.08.24"]
[Round "6"]
[White "Wilfert, Andre"]
[Black "Gebhard, Thomas"]
[Result "1/2-1/2"]
[WhiteElo "1950"]
[BlackElo "1918"]
[PlyCount "26"]
[EventDate "2000.08.19"]
[EventType "swiss"]
[EventRounds "9"]
[EventCountry "GER"]
[SourceTitle "EXT 2010"]
[Source "ChessBase"]
[SourceDate "2010.11.25"]
[SourceVersion "1"]
[SourceVersionDate "2010.11.25"]
[SourceQuality "1"]

1. e4 c6 2. d4 d5 3. Nc3 dxe4 4. Nxe4 Bf5 5. Ng3 Bg6 6. Nf3 Nd7 7. Bc4 Ngf6 8. h4 h6 9. Qe2 e6 10. h5 Bh7 11. Ne5 Nxe5 12. dxe5 Nd7 13. Bf4 Qa5+ 1/2-1/2

[Event "Mittelfranken-ch QT 49th"]
[Site "Ansbach"]
[Date "2000.??.??"]
[Round "3"]
[White "Arlt, Birgit"]
[Black "Gebhard, Thomas"]
[Result "1-0"]
[WhiteElo "1791"]
[BlackElo "1912"]
[PlyCount "54"]
[EventDate "2000.04.19"]
[EventType "swiss"]
[EventRounds "7"]
[EventCountry "GER"]
[SourceTitle "EXT 2015"]
[Source "ChessBase"]
[SourceDate "2014.11.20"]
[SourceVersion "1"]
[SourceVersionDate "2014.11.20"]
[SourceQuality "1"]

1. e4 e6 2. d4 d5 3. exd5 exd5 4. Bd3 Bd6 5. Nf3 Qe7+ 6. Be3 Nc6 7. 0-0 Be6 8. Nbd2 0-0-0 9. c3 f6 10. b4 g5 11. b5 Na5 12. Qa4 b6 13. c4 dxc4 14. Nxc4 Bxc4 15. Bxc4 Nxc4 16. Qxc4 g4 17. Nh4 Qd7 18. a4 f5 19. a5 Kb8 20. axb6 cxb6 21. Nxf5 Qxf5 22. Rxa7 Rd7 23. Ra8+ Kxa8 24. Qc6+ Kb8 25. Ra1 Bxh2+ 26. Kxh2 Ra7 27. Qxb6+ Ka8 1-0

[Event "Regionalliga NO 9900"]
[Site "Bayern"]
[Date "2000.??.??"]
[Round "7.7"]
[White "Gebhard, Thomas"]
[Black "Hein, Manfred"]
[Result "0-1"]
[WhiteElo "1945"]
[BlackElo "1985"]
[PlyCount "100"]
[EventDate "1999.??.??"]
[EventType "team-tourn"]
[EventRounds "9"]
[EventCountry "GER"]
[SourceTitle "EXT 2020"]
[Source "ChessBase"]
[SourceDate "2019.10.17"]
[SourceVersion "1"]
[SourceVersionDate "2019.10.17"]
[SourceQuality "1"]
[WhiteTeam "Nuernberg Noris Tarrasch II"]
[BlackTeam "Gunzenhausen"]
[WhiteTeamCountry "GER"]
[BlackTeamCountry "GER"]

1. e4 d5 2. Nc3 dxe4 3. Nxe4 Bf5 4. Ng3 Bg6 5. Nf3 e6 6. h4 h6 7. Ne5 Qf6 8. Nxg6 Qxg6 9. Qf3 c6 10. Qb3 b6 11. d4 Qf6 12. Be3 Qe7 13. Be2 Qb4+ 14. Qxb4 Bxb4+ 15. c3 Bd6 16. Nh5 g6 17. Nf4 Nf6 18. Bf3 Kd7 19. 0-0-0 Kc7 20. g4 Nd5 21. Nxd5+ exd5 22. Rde1 Nd7 23. Re2 b5 24. Bd2 a5 25. b3 a4 26. b4 Nb6 27. Kc2 Nc4 28. Bc1 Raf8 29. Rhe1 Nb6 30. Bg2 Nc8 31. Bh3 Kd8 32. f4 h5 33. g5 Nb6 34. Rf1 Re8 35. Rfe1 Rxe2+ 36. Rxe2 Nc4 37. Kd3 Bc7 38. f5 Re8 39. fxg6 Rxe2 40. Kxe2 fxg6 41. Kf3 Nd6 42. a3 Ne4 43. Bf1 Bg3 44. Bd3 Bxh4 45. Bxe4 dxe4+ 46. Kxe4 Be1 47. Ke5 Ke7 48. c4 bxc4 49. Bb2 c3 50. Bc1 Bd2 0-1

[Event "Mittelfranken-ch QT 49th"]
[Site "Ansbach"]
[Date "2000.??.??"]
[Round "1"]
[White "Gillitzer, Gerhard"]
[Black "Gebhard, Thomas"]
[Result "0-1"]
[WhiteElo "1581"]
[BlackElo "1912"]
[PlyCount "46"]
[EventDate "2000.04.19"]
[EventType "swiss"]
[EventRounds "7"]
[EventCountry "GER"]
[SourceTitle "EXT 2015"]
[Source "ChessBase"]
[SourceDate "2014.11.20"]
[SourceVersion "1"]
[SourceVersionDate "2014.11.20"]
[SourceQuality "1"]

1. d4 e6 2. Nf3 f5 3. c4 Nf6 4. g3 d5 5. Bg2 c6 6. cxd5 exd5 7. 0-0 Bd6 8. Nc3 0-0 9. Bg5 Nbd7 10. Qc2 h6 11. Bd2 Ne4 12. Nxe4 fxe4 13. Ne1 Nf6 14. Qc1 Qc7 15. Nc2 Bg4 16. f3 exf3 17. exf3 Bf5 18. Ne3 Bh7 19. Rf2 Rae8 20. Qf1 Qb6 21. Nc4 dxc4 22. Qxc4+ Kh8 23. b3 Nd5 0-1